LEADER 00473naa a2200133 i 4500 001 000000321351 003 CaOOAMICUS 005 20180831173344.0 008 180831n it u000 u ita u 013 $a31586 040 $aSeMil$bita 245 10$aSociologia della violenza. 773 0 $aBlanquart, Paul$tVerso una teologia della violenza?.$dBrescia : Queriniana, copyr. 1969.$kGiornale di teologia$gp.35-60$w()63122 996 $6245$aSociologia della violenza$9(OLS)http://semarc/title/394903 LEADER 00506nab a2200145 i 4500 001 000000312660 003 CaOOAMICUS 005 20180831173056.0 008 180831n xx uu u0 0und r 013 $a21752 040 $aSeMil$bita 100 1 $aNogara, Giuseppe.$0(OLS)http://semarc/name/13312 245 13$aIl perchč della nostra fiducia nel Sacro Cuore di Gesł. 773 0 $t[Luglio-Dicembre].$g3-13$w()274216 996 $6245$aIl perchč della nostra fiducia nel Sacro Cuore di Gesł$9(OLS)http://semarc/title/387045